| 000 | 00634cam a22002171 4500 | ||
|---|---|---|---|
| 001 | agr27000898 | ||
| 003 | DLC | ||
| 005 | 20260227110947.0 | ||
| 008 | 781115s1927 gw a b 000 0 ger | ||
| 010 | _aagr27000898 | ||
| 035 | _a(OCoLC)4374366 | ||
| 040 |
_aDLC _cTxCM _dTxCM _dDLC |
||
| 042 | _apremarc | ||
| 050 | 0 | 0 |
_aQK524.P7 _bD6 |
| 100 | 1 | _aDöpp, Walter. | |
| 245 | 1 | 0 |
_aUntersuchungen über die Entwicklung von prothallien einheimischer Polypodiaceen, _cvon Walter Döpp. |
| 260 |
_aJena, _bG. Fischer, _c1927. |
||
| 300 |
_a58, [34] p. _billus. _c26 cm. |
||
| 440 | 0 |
_aPflanzenforschung, _vHeft 8 |
|
| 650 | 0 | _aPolypodiaceae. | |
| 999 |
_c9135 _d9135 |
||